Ganaka lokadolage ondu payana : M S office mattu nudi (Record no. 142192)

MARC details
000 -LEADER
fixed length control field 00773nam a2200241Ia 4500
003 - CONTROL NUMBER IDENTIFIER
control field OSt
005 - DATE AND TIME OF LATEST TRANSACTION
control field 20251018123236.0
008 - FIXED-LENGTH DATA ELEMENTS--GENERAL INFORMATION
fixed length control field 210210b2010 xxu||||| |||| 00| 0 eng d
020 ## - INTERNATIONAL STANDARD BOOK NUMBER
International Standard Book Number 9788191009514
040 ## - CATALOGING SOURCE
Transcribing agency AL
041 ## - LANGUAGE CODE
Language code of text/sound track or separate title kan
082 ## - DEWEY DECIMAL CLASSIFICATION NUMBER
Classification number 001.64K NIRG
100 ## - MAIN ENTRY--PERSONAL NAME
Personal name Nirmala G V
9 (RLIN) 242504
110 ## - MAIN ENTRY--CORPORATE NAME
Corporate name or jurisdiction name as entry element ನಿರ್ಮಲ ಜಿ ವಿ
9 (RLIN) 242516
245 ## - TITLE STATEMENT
Title Ganaka lokadolage ondu payana : M S office mattu nudi
Remainder of title : ಗಣಕ ಲೋಕದೊಳಗೆ ಒಂದು ಪಯಣ : ಎಂ ಎಸ್ ಆಫಿಸ್ ಮತ್ತು ನುಡಿ
260 ## - PUBLICATION, DISTRIBUTION, ETC.
Place of publication, distribution, etc. Bengaluru
Name of publisher, distributor, etc. -
Date of publication, distribution, etc. 2010
300 ## - PHYSICAL DESCRIPTION
Extent viii,258p
690 ## - LOCAL SUBJECT ADDED ENTRY--TOPICAL TERM (OCLC, RLIN)
Topical term or geographic name as entry element Computer Science
9 (RLIN) 242514
700 ## - ADDED ENTRY--PERSONAL NAME
Personal name Kshama S
9 (RLIN) 242515
710 ## - ADDED ENTRY--CORPORATE NAME
Corporate name or jurisdiction name as entry element ಕ್ಷಮ ಎಸ್
9 (RLIN) 242517
906 ## - LOCAL DATA ELEMENT F, LDF (RLIN)
a 065219
942 ## - ADDED ENTRY ELEMENTS (KOHA)
Source of classification or shelving scheme Dewey Decimal Classification
Koha item type Book
Holdings
Withdrawn status Lost status Damaged status Not for loan Collection code Home library Current library Shelving location Date acquired Source of acquisition Cost, normal purchase price Total Checkouts Full call number Barcode Date last seen Price effective from Koha item type
          St Aloysius Library St Aloysius Library   02/17/2021 Athree Book Centre Balmatta, Mangalore-01 250.00   001.64K NIRG 065219 02/17/2021 02/17/2021 Book